| 000 | 00610nam a2200241Ia 4500 | ||
|---|---|---|---|
| 003 | IT-RoPAU | ||
| 008 | 120407s9999 xx 000 0 und d | ||
| 040 | _aIT-RoPAU | ||
| 040 | _cIT-RoPAU | ||
| 041 | _aita | ||
| 100 | _aAlonso Luis Schòkel | ||
| 245 | _aPedagogia della comprensione | ||
| 250 | _aRoma | ||
| 260 | _aEdizioni Paoline | ||
| 260 | _c1968 | ||
| 300 | _a256 p. | ||
| 300 | _c18 cm | ||
| 490 | _aUniversa | ||
| 490 | _v35 | ||
| 600 | _a"Tit. orig.: Pedagogia de la comprensiòn. Trad. A. Miggiano 1. - Pedagogia cristiana I - Miggiano Agostino" | ||
| 942 | _cBK | ||
| 999 |
_c30600 _d30600 |
||